000 00632nam a2200205Ia 4500
005 20241129111340.0
008 241129s9999||||xx |||||||||||||| ||und||
037 _aREF
040 _aCRL
_bpun
_cCRL
041 _apun
_2pun
084 _aP168:4k 153R3(RR)
_qCRL
245 0 _aਉਰਦੂ ਪੰਜਾਬੀ ਹਿੰਦੀ ਕੋਸ਼
260 _aਪੰਜਾਬ, ਭਾਰਤ
_bਪੰਜਾਬ ਭਾਸ਼ਾ ਵਿਭਾਗ
_c2023
300 _a766ਪ੍ਰ0
365 _aINR
_b460
490 _vPart 1
650 _aLinguistic
_9558313
942 _cREF
_hP168:4k 153R3(RR)
999 _c1230048
_d1230048